Coyuntura de los jóvenes en conflicto con la ley de la Ciudad Autónoma de Buenos Aires durante el 2024. Vínculo y alcance del actual proyecto de ley del régimen penal juvenil / (Registro nro. 5502)
[ vista simple ]
| 000 -LEADER | |
|---|---|
| fixed length control field | 01194nab a22002417a 4500 |
| 003 - CONTROL NUMBER IDENTIFIER | |
| control field | OSt |
| 005 - DATE AND TIME OF LATEST TRANSACTION | |
| control field | 20251209144012.0 |
| 008 - FIXED-LENGTH DATA ELEMENTS--GENERAL INFORMATION | |
| fixed length control field | 190502c xxu||||| |||| 00| 0 spa d |
| 040 ## - CATALOGING SOURCE | |
| Transcribing agency | PJ |
| 100 ## - MAIN ENTRY--PERSONAL NAME | |
| 9 (RLIN) | 6495 |
| Personal name | Frega, Leonardo |
| 245 10 - TITLE STATEMENT | |
| Title | Coyuntura de los jóvenes en conflicto con la ley de la Ciudad Autónoma de Buenos Aires durante el 2024. Vínculo y alcance del actual proyecto de ley del régimen penal juvenil / |
| Statement of responsibility, etc | Leonardo Frega. |
| 260 ## - PUBLICATION, DISTRIBUTION, ETC. (IMPRINT) | |
| Place of publication, distribution, etc | Ciudad Autónoma de Buenos Aires : |
| Name of publisher, distributor, etc | Thomson Reuters La Ley, |
| Date of publication, distribution, etc | 2025. |
| 300 ## - PHYSICAL DESCRIPTION | |
| Extent | p. 31-52 |
| 500 ## - GENERAL NOTE | |
| General note | Cita Online: AR/DOC/2135/2025. |
| 505 ## - FORMATTED CONTENTS NOTE | |
| Formatted contents note | Sumario: I. Introducción.— II. Análisis estadístico del 2024 en la CABA.— III. El proyecto de ley penal juvenil (INLEG-2024-73985365-APN-PTE).— IV. Conclusiones.<br/> |
| 505 ## - FORMATTED CONTENTS NOTE | |
| Title | ¿Te interesa el texto completo? Solicitalo al correo: koha@justierradelfuego.gov.ar |
| 650 #0 - SUBJECT ADDED ENTRY--TOPICAL TERM | |
| 9 (RLIN) | 343 |
| Topical term or geographic name as entry element | DERECHO PENAL |
| 650 #0 - SUBJECT ADDED ENTRY--TOPICAL TERM | |
| 9 (RLIN) | 2348 |
| Topical term or geographic name as entry element | PROCESO PENAL |
| 650 #0 - SUBJECT ADDED ENTRY--TOPICAL TERM | |
| 9 (RLIN) | 2730 |
| Topical term or geographic name as entry element | RÉGIMEN PENAL DE LA MINORIDAD |
| 650 #0 - SUBJECT ADDED ENTRY--TOPICAL TERM | |
| 9 (RLIN) | 4193 |
| Topical term or geographic name as entry element | PROYECTO DE LEY |
| 773 0# - HOST ITEM ENTRY | |
| Host Biblionumber | 2729 |
| Host Itemnumber | 3180 |
| Place, publisher, and date of publication | Buenos Aires : LexisNexis, 2006- |
| Title | Revista de derecho penal y procesal penal. Nº 10 - Octubre 2025 |
| International Standard Book Number | 9875920622 |
| 942 ## - ADDED ENTRY ELEMENTS (KOHA) | |
| Source of classification or shelving scheme | |
| Koha item type | Analítica Artículo de Revista |
No hay ítems disponibles.
